01497nam a2200277 a 450000100100000000500170001000800410002704000250006808200150009310000430010824500640015126000370021530000210025249000200027349000390029350001650033283000270049783000480052404900090057295201290058195201290071095201290083995201140096895201200108299900170120200003028720200930060212.0110509s1980 dr 000 0 spa d aDO-SdBNPbspacBNPHU axxxaF673r1 aFondeur Cruz, Eugenio H.d1923-95696310aLa resurreción de los pueblos /cEugenio H. Fondeur Cruz. aSanto Domingo :b[S. N.],c1980. a100 p. ;c16 cm.1 aMensajesvno. 11 aLa resurreción de los pueblosv1 aAvance a la doctrina de la resurreción de los pueblos y del sistema de gobierno que establecera en el país si así lo decidiesen los ciudadanos dominicanos 0aMensajesvno. 1956964 0aLa resurreción de los pueblos ;v1956965 aBNPD 001054708DSaGRbGRcCTd2011-05-09iLF1l0oxxx F673r p30287-30r2020-06-25te. 3w2020-06-25yLFDSZPréstamo en sala 001054708DSaGRbGRcCTd2011-05-10iLF1l0oxxx F673r p30287-40r2020-06-25te. 4w2020-06-25yLFDSZPréstamo en sala 001154708DSaGRbGRcMId2011-05-10iLF1l0oxxx F673r p30287-50r2020-06-25te. 5w2020-06-25yLFDSZPréstamo en sala 0010718PDaPDbPDcCTd2011-05-09iLF1l0oxxx F673r p30287-10r2020-06-25w2020-06-25yLFPDZNo se presta 0010718PDaPDbPDcCTd2011-05-09iLF1l0oxxx F673r p30287-20r2020-06-25te. 2w2020-06-25yLFPDZNo se presta c29779d29779